Library of the University of Algiers 3
Ibrahim Sultan Cheibout
شعار جامعة الجزائر 3
مكتبة جامعة الجزائر 3
إبراهيم سلطان شيبوط

الأساليب الإحصائية في مجالات البحوث التربوية / (رقم التسجيلة. 45407)

تفاصيل مارك
000 -LEADER
fixed length control field 01299nam a2200253Ia 4500
003 - CONTROL NUMBER IDENTIFIER
control field Ost
005 - DATE AND TIME OF LATEST TRANSACTION
control field 20260507075641.0
008 - FIXED-LENGTH DATA ELEMENTS--GENERAL INFORMATION
fixed length control field 260507s9999||||xx |||||||||||||| ||und||
020 ## - INTERNATIONAL STANDARD BOOK NUMBER
International Standard Book Number 9504009957
040 ## - CATALOGING SOURCE
Transcribing agency fsecg
041 ## - LANGUAGE CODE
Language code of text/sound track or separate title ara
082 ## - DEWEY DECIMAL CLASSIFICATION NUMBER
Classification number 370.21
100 ## - MAIN ENTRY--PERSONAL NAME
Personal name ابراهيم، مروان عبد المجيد
Relator term مؤلف
245 #0 - TITLE STATEMENT
Title الأساليب الإحصائية في مجالات البحوث التربوية /
Statement of responsibility, etc. مروان عبد المجيد ابراهيم
260 ## - PUBLICATION, DISTRIBUTION, ETC.
Place of publication, distribution, etc. عمان:
Name of publisher, distributor, etc. مؤسسة الوراق للنشر والتوزيع,
Date of publication, distribution, etc. 2001
300 ## - PHYSICAL DESCRIPTION
Extent 338 صفحة؛
Other physical details إيضاحات ؛
Dimensions 24 سم
504 ## - BIBLIOGRAPHY, ETC. NOTE
Bibliography, etc. note المراجع ص301
520 ## - SUMMARY, ETC.
Summary, etc. المفاهيم الإحصائية والاساسية في البحوث التربوية، مفهوم البحوث العلمية والتربوية ، الخطوات الإحصائية في البحوث التربوية والرياضية، الاساليب الإحصائية في تحليل العلاقة بين الظواهر المبحوثة، تحليل وتفسير بيانات المقايس الإحصائية
653 ## - INDEX TERM--UNCONTROLLED
Uncontrolled term الإحصاء
653 ## - INDEX TERM--UNCONTROLLED
Uncontrolled term التربية
653 ## - INDEX TERM--UNCONTROLLED
Uncontrolled term الطرق الإحصائية
700 ## - ADDED ENTRY--PERSONAL NAME
Personal name الياسري، محمد جاسم
Relator term مؤلف ثانوي
942 ## - ADDED ENTRY ELEMENTS (KOHA)
Koha item type كتب
المقتنيات
Withdrawn status Lost status Source of classification or shelving scheme Damaged status Not for loan Home library Current library Date acquired Serial enumeration / chronology Inventory number Total checkouts Full call number Barcode Date last seen Price effective from Koha item type
    Dewey Decimal Classification   NOT LOAN / إعارة داخلية مكتبة كلية العلوم الإقتصادية والعلوم التجارية وعلوم التسيير مكتبة كلية العلوم الإقتصادية والعلوم التجارية وعلوم التسيير 07/05/2026 الطابق الأرضي 915/1   أ/915ن1 915/1 07/05/2026 07/05/2026 كتب

موارد الويب المفتوحة


© University of Algiers 3 All Rights Reserved
|
Implemented by LECHELAH Riad